Once inicial del FC Barcelona 2019 - 2024 - Estadísticas

Estadísticas generales
  • Esta prueba ha sido intentada 515 veces
  • La puntuación promedio es 48 de 55
Estadísticas de respuestas
TEMPORADA 19/20 Respuesta % Correcto
POR Ter Stegen
99%
POR Ter Stegen
99%
POR Ter Stegen
99%
POR Ter Stegen
99%
POR Ter Stegen
99%
MC Frenkie de Jong
98%
MC Frenkie de Jong
98%
MC Frenkie de Jong
98%
MC Frenkie de Jong
98%
ED Lionel Messi
98%
ED Lionel Messi
98%
DC Luis Suarez
96%
MC Pedri
96%
MC Pedri
96%
DC Robert Lewandowski
96%
DC Robert Lewandowski
96%
DFC Ronald Araújo
95%
DFC Ronald Araújo
95%
LI Jordi Alba
94%
LI Jordi Alba
94%
LI Jordi Alba
94%
EI Ousmane Dembélé
93%
ED Ousmane Dembelé
93%
ED Ousmane Dembélé
93%
DFC Alejandro Balde
92%
LI Alejandro Balde
92%
DFC Gerard Piqué
92%
DFC Gerard Piqué
92%
MC Ivan Rakitic
92%
DFC Jules Koundé
92%
LD Jules Koundé
92%
ED Lamine Yamal
92%
MC Gavi
91%
MC Gavi
91%
DFC Pau Cubarsí
90%
DC Andreas Christensen
88%
DFC Clement Lenglet
86%
DFC Clement Lenglet
86%
MC Sergio Busquets
85%
MC Sergio Busquets
85%
MC Sergio Busquets
85%
MC Sergio Busquets
85%
LD Sergi Roberto
83%
MC Ilkay Gundogan
82%
DFC Iñigo Martínez
82%
EI Antoine Griezmann
79%
DC Antoine Griezmann
79%
EI Raphinha
79%
EI Raphinha
79%
DC Memphis Depay
77%
EI Ferran Torres
63%
MCO Ferran Torres
63%
LD Eric García
44%
LD Oscar Mingueza
37%
MC Sergiño Dest
24%
No se encontraron pruebas coincidentes
Distribución de puntuación
Porcentaje de gente con cada puntuación
Porcentaje por número respondido
Historial de tus puntuaciones
No has intentado esta prueba.